000
00269 a2200097 4500
001
59695
100
_a
245
_a
Countdown to Creative Writing; step by step approach to writing technques for 7-12 years
260
_a
UK
_b
Routletge Pub
_c
2009
090
_c
36572
_d
36572
942
_a
NUST-CAE
_c
_c
29527
999
_c
294768
_d
294768